04303nam a2200361 a 450000100060000000300090000600500170001500700060003200800410003804000220007909200380010110000300013924501000016925000090026926000690027830000290034750000340037650000330041050529380044365000400338165000420342165000360346365000410349965000510354070000300359191000360362194200120365795201420366995600400381195600390385195600360389099900150392600150DO-SdBNP20160426130002.000150160406b dr 20uu||| |||| 00| 0 spa d aBPMSUbspacBPMSU a373.7 bP349m 2do [200-?]1 aPeña Geraldino, Rafael 10aMatemática 2 :beducación media /c Rafael Peña Geraldino ; coordinador José Molinaza  a3ed. aSanto Domingo :bSecretaría de Estado de Educación c[200-?] a299 p.bretrs. ;c28 cm. aGestión educativa 2004-2008 aSegundo grado, primer ciclo tCapitulo 1:tInicio de la lógica - Método deductivo de razonamiento - Lógica matemática - Proposiciones compuestas - Equivalencia de formas proporcionales - Clasificación de las proposiciones de acuerdo a su resultado - Fora aargumental y argumento - Método de demostración - Cuantificadores - Negación de los cuantificadorestCapítulo 2:tFiguras geométricas - Línea recta-plano - Medidas de segmentos rectilíneos - Posiciones relativas de dos líneas rectas - Ángulos - Construcciones - Teorenas - polígonos tCapítulo 3:tFunciones - Conyunto producto o producto cartesiano - Función - Tipos de funciones - Funciones de primer grado o función lineal - Ecuación - Proporcionalidad inversa y directa - Inecuaciones - Desigualdades - Intervalos en los números reales - Inecuaciones de primer grado en una variable - Inecuaciones lineales en dos variables - Anexo.tCapítulo 4 :tTriangulo - Clasificación de los triangulo - Puntos importantes de un triangulo - Proporcionalidad - Constant de proporcionalidad - Semejanza de triángulos rectángulos - Semejanza de polígonostCapítulo 5 :tCuadriláteros - Paralelogramo - Propiedades de los cuadriláterostCapítulo 6 :tTrigonometría - Teorema de Pitágoras - Racionalización - Funciones trigonométricas de ángulos notables - Resolución de triángulos rectángulos - Ángulo de elevación y ángulo de depresión - Sistema de medidas de los ángulos - Funciones trigonométricas de cualquier ángulo, en el sistema de coordenadas cartesianas - Identidades trigonométricas - Ley de los senos o teorema de los senos - Teorema del coseno o ley de los cosenos - Determinación del área de un triángulotCapítulo 7 :tTransformaciones geométricas - Simetría con respecto a una recta o eje simetrial axial - Reflexion - Simetría reflexiva en el plano cartesiano - Traslación - Rotaciones o girostCapítulo 8 :tEstructuras algébricas - Operación interna binaria para un conjunto dado - Estructuras algébricas - Tabla de operación o tabla pitagórica o de doble entrada.tCapítulo 9:tFunción polinómica de segundo grado o función cuadrática - Algunas consideraciones sobre gráfica de una función - Ecuaciones de segundo grado - Resolución de una ecuación de segundo grado por factorización y fórmula general - Aplicaciones de la ecuación de segundo grado para la resolución de problemas - Resolución de una ecuación cuadrática complementando un trinomio cuadrado perfecto - Resolución de ecuaciones incompletade segundo grado - Punto máximo y mínimo de una parábola y eje de simetría - Inecuaciones de segundo grado en una variable - Inecuación de segundo grado en dos variablestCapítulo 10 : tEstadística - Tabla de frecuencia de datos agrupados - Representaciones gráficas - Medidas de tendencia central - Medidas de dispersón.  4aMATEMÁTICASxENSEÑANZA BÁSICA 4aMATEMÁTICASxEDUCACIÓN SECUNDARIA 4aMATEMÁTICASxLIBROS DE TEXTOS 4aMATEMÁTICASxESTUDIOS Y EJERCICIOS 4aEDUCACIÓN SECUNDARIAzREPÚBLICA DOMINICANA1 aMolinaza, José,4coord. aValidado.Control de calidad MFF 2ddccBK 00102ddc40708ESCaBPMETbBPMETd2016-04-06eDonaciónl0o373.7 P349m 2do. [200-?]pBPMSU16040161r2016-04-06w2016-04-06yBK aBTAVAREZb10c20100809lBND01h1053 aVMATEOb10c20150707lBPMSUh00151 aBTAVÁREZb10c20160406l00150 c9589d9589